Biblioteca

Tratado de la naturaleza humana : Ensayo para introducir el método del razonamiento humano en los asuntos morales / David Hume ; Francisco Larroyo, Estudio introductivo y análisis de la obra, Vicente Viqueira, Traductor (Registro nro. 32537)

Detalles MARC
000 -LÍDER
Campo fijo de descripción fija 012170000a22002050004500
041 0# - CÓDIGO DE IDIOMA
Código de idioma para texto/pista de sonido o título separado
082 04 - NÚMERO DE CLASIFICACIÓN DECIMAL DEWEY
Número de clasificación G 171 H921t
001 - NÚMERO DE CONTROL
Campo de control 1213
100 1# - ASIENTO PRINCIPAL--NOMBRE PERSONAL
Nombre personal Hume, David (1711-1776)
245 10 - TÍTULO
Título del Material Tratado de la naturaleza humana : Ensayo para introducir el método del razonamiento humano en los asuntos morales / David Hume ; Francisco Larroyo, Estudio introductivo y análisis de la obra, Vicente Viqueira, Traductor
260 ## - PUBLICACIÓN, DISTRIBUCIÓN, ETC. (PIE DE IMPRENTA)
Lugar de publicación, distribución, etc. México D.F., México : Porrúa
300 ## - DESCRIPCIÓN FÍSICA
Extensión 407 Pag.
336 ## - CONTENT TYPE
Content type term texto
Content type code txt
Source rdacontent
337 ## - MEDIA TYPE
Source rdamedia
Media type term sin mediación
Media type code n
338 ## - CARRIER TYPE
Source rdacarrier
Carrier type term volumen
Carrier type code nc
500 ## - NOTA GENERAL
Nota General Título original : A treatise of human nature
505 00 - NOTA DE CONTENIDO
Nota de contenido con formato preestablecido estudio introductivo -- del entendimiento -- de las ideas: su origen, composición, abstracción, conexión. etcétera -- de las ideas del espacio y el tiempo -- del conocimiento y la probabilidad -- del sistema escéptico y de otros sistemas de filosofía -- de las pasiones -- del orgullo y la humildad -- del amor y el odio -- de la voluntad y las pasiones directas -- de la moral -- de la virtud y el vicio en general -- de la justicia y la injusticia -- de otras virtudes y vicios
650 14 - ASIENTO SECUNDARIO DE MATERIA - TERMINO TEMÁTICO
Término temático o nombre geográfico como elemento de entrada TEORIA DEL CONOCIMIENTO
942 ## - TIPO DE MATERIAL (KOHA)
Tipo de Item KOHA Libros General
Existencias
Estado de Material Estado de Perdido Estado de Dañado No para Préstamo Colección Tomo Biblioteca de Origen Biblioteca Permanente Fecha de Adquisición Total de Préstamos Signatura Topográfica Código de Barras Última vez visto Ejemplar/Existencia Fecha de Remplazo Tipo de Material
        Colección General   Biblioteca FUSBC Biblioteca FUSBC 11/10/2004   G 171 H921t 595 30/03/2022 1 26/01/2016 Libros General

Biblioteca FUSBC | Teléfono: (57+4) 349 88 10 Ext. 141| WhatsApp (+57) 3005338115 
E-mail: biblioteca@unisbc.edu.co | Calle 76 87-14 Robledo Palenque, Medellín, Colombia

Con tecnología Koha